| 000 | 00518nam a2200181Ia 4500 | ||
|---|---|---|---|
| 001 | 5200 | ||
| 005 | 20260306145851.0 | ||
| 008 | 260306t2011||||xx |||||||||||||| ||spa|| | ||
| 041 | _aESP | ||
| 082 |
_a338.09 _bS71 |
||
| 100 |
_aSotelo Izázaga, Augusto _eAUT |
||
| 245 | 0 |
_aProducción lechera: _buna transferencia exitosa: la cooperación suiza y su contribución al sector lácteo en el Perú |
|
| 260 | _c2011 | ||
| 300 |
_a39 páginas : _c30 cm. |
||
| 650 | _aGEN | ||
| 654 | _aCAN | ||
| 942 |
_cLIB _dJUS _fJUS _2ddc _n |
||
| 999 |
_c5200 _d5200 |
||